De lo patógeno a lo ambiental: disputas de sentido en torno a la clasificación de residuos /
En este artículo se analiza la transformación de la actividad de clasificación de residuos en diferentes momentos históricos en la ciudad de Buenos Aires, Argentina. Con la intensión de demostrar que la forma en que se percibe socialmente esta actividad, se relaciona con las características que adop...
Na minha lista:
| Autor principal: | |
|---|---|
| Formato: | Texto |
| Assuntos: | |
| Tags: |
Adicionar Tag
Sem tags, seja o primeiro a adicionar uma tag!
|
MARC
| LEADER | 00000 a a2200000 04500 | ||
|---|---|---|---|
| 001 | 43511 | ||
| 003 | |||
| 040 | |||
| 100 | |a Dimarco, Sabina | ||
| 245 | |a De lo patógeno a lo ambiental: |b disputas de sentido en torno a la clasificación de residuos / |c Sabina Dimarco | ||
| 500 | |a sabinadimarco@yahoo.com.ar | ||
| 520 | |a En este artículo se analiza la transformación de la actividad de clasificación de residuos en diferentes momentos históricos en la ciudad de Buenos Aires, Argentina. Con la intensión de demostrar que la forma en que se percibe socialmente esta actividad, se relaciona con las características que adoptan otras problemáticas centrales de la vida urbana: el trabajo y los desechos urbanos. | ||
| 590 | |a SJB/AGOSTO2012 | ||
| 650 | |a RECICLAJE DE DESPERDICIOS | ||
| 650 | |a EMPLEO PRECARIO | ||
| 650 | |a ADMINISTRACION DE DESPERDICIOS | ||
| 650 | |a ASPECTOS AMBIENTALES | ||
| 650 | |a ASPECTOS SOCIALES | ||
| 650 | |a EXCLUSION SOCIAL | ||
| 650 | |a DESEMPLEO | ||
| 650 | |a INDIGENCIA | ||
| 650 | |a HISTORIA | ||
| 650 | |a ARGENTINA | ||
| 773 | |g volumen74, número2 (2012), páginas 185-212 | ||
| 999 | |c 21810 |d 21810 | ||
